| 000 | 00510nam a22001817a 4500 | ||
|---|---|---|---|
| 005 | 20140310183636.0 | ||
| 008 | 131128b xxu||||| |||| 00| 0 eng d | ||
| 020 | _a9789710445776 | ||
| 050 |
_aTX 911.3.M27 _b.L34 2010 |
||
| 100 | _aLago, Elpedia | ||
| 245 |
_aFront office system and procedures / _bElpedio Lago |
||
| 260 |
_aIntramuros, Manila : _bMindshapers, _c2010. |
||
| 300 |
_a241 p. : _bill. ; _c26 cm. |
||
| 521 | _aTOU | ||
| 650 | _aHotel perspective | ||
| 942 |
_2lcc _cBK _kLOC |
||
| 999 |
_c25725 _d25725 |
||